[Event "Prague Open 2022 - A IM Open"]
[Site "Olympik hotel, Prague"]
[Date "2022.01.10"]
[Round "5"]
[Board "15"]
[White "Acor, Corey"]
[Black "Lacrosse, Marc"]
[Result "1-0"]
[WhiteElo "2303"]
[BlackElo "2072"]
[PlyCount "0"]
[EventDate "2022.01.07"]
[EventRounds "9"]
[EventCountry "CZE"]

1. e4 e5 {[%clk 1:27:56]} 2. Nf3 {[%clk 1:31:18]} Nc6 {[%clk 1:28:19]} 3. Bc4
{[%clk 1:31:38]} Bc5 {[%clk 1:28:03]} 4. c3 {[%clk 1:31:59]} Nf6 {[%clk 1:27:36]}
5. d4 {[%clk 1:32:14]} exd4 {[%clk 1:27:21]} 6. cxd4 {[%clk 1:32:36]} Bb4+
{[%clk 1:26:43]} 7. Bd2 {[%clk 1:32:04]} Nxe4 {[%clk 1:21:32]} 8. Bxb4
{[%clk 1:30:52]} Nxb4 {[%clk 1:21:46]} 9. Bxf7+ {[%clk 1:30:51]} Kxf7
{[%clk 1:22:07]} 10. Qb3+ {[%clk 1:31:15]} Kf8 {[%clk 1:17:44]} 11. Qxb4+
{[%clk 1:31:37]} Qe7 {[%clk 1:18:05]} 12. Qxe7+ {[%clk 1:31:46]} Kxe7
{[%clk 1:18:30]} 13. O-O {[%clk 1:31:11]} Kd8 {[%clk 1:16:18]} 14. Re1
{[%clk 1:30:38]} Nf6 {[%clk 1:15:38]} 15. Nc3 {[%clk 1:29:56]} Rf8
{[%clk 1:04:29]} 16. Rac1 {[%clk 1:23:10]} d6 {[%clk 0:48:21]} 17. h3
{[%clk 1:13:32]} Bd7 {[%clk 0:42:01]} 18. d5 {[%clk 1:11:13]} h6 {[%clk 0:32:44]}
19. Nd4 {[%clk 1:07:16]} Re8 {[%clk 0:26:19]} 20. Rxe8+ {[%clk 1:02:31]} Nxe8
{[%clk 0:21:21]} 21. Re1 {[%clk 1:02:01]} Nf6 {[%clk 0:14:33]} 22. Re3
{[%clk 0:59:13]} a6 {[%clk 0:09:10]} 23. f4 {[%clk 0:57:09]} c5 {[%clk 0:07:52]}
24. Ne6+ {[%clk 0:29:22]} Bxe6 {[%clk 0:08:08]} 25. Rxe6 {[%clk 0:29:50]} Kd7
{[%clk 0:07:19]} 26. g4 {[%clk 0:21:15]} Rb8 {[%clk 0:06:59]} 27. f5
{[%clk 0:16:48]} b5 {[%clk 0:04:59]} 28. Kf2 {[%clk 0:13:23]} b4 {[%clk 0:04:19]}
29. Ne4 {[%clk 0:13:30]} Nxe4+ {[%clk 0:04:33]} 30. Rxe4 {[%clk 0:13:56]} Re8
{[%clk 0:02:08]} 31. Re6 {[%clk 0:10:08]} Rxe6 {[%clk 0:02:10]} 32. fxe6+
{[%clk 0:09:38]} Ke7 {[%clk 0:01:52]} 33. h4 {[%clk 0:09:21]} Kf6
{[%clk 0:01:30]} 34. Ke3 {[%clk 0:07:07]} Ke7 {[%clk 0:01:30]} 35. Kd3
{[%clk 0:07:21]} Kf6 {[%clk 0:01:36]} 36. Kc4 {[%clk 0:07:49]} Ke7
{[%clk 0:01:31]} 37. Kb3 {[%clk 0:08:16]} Kd8 {[%clk 0:01:28]} 38. Ka4
{[%clk 0:08:38]} Ke7 {[%clk 0:01:42]} 39. b3 {[%clk 0:08:56]}  1-0

[Event "Prague Open 2022 - A IM Open"]
[Site "Olympik hotel, Prague"]
[Date "2022.01.10"]
[Round "5"]
[Board "16"]
[White "Soucek, Petr"]
[Black "Dev, Shah"]
[Result "1/2-1/2"]
[WhiteElo "2144"]
[BlackElo "2248"]
[PlyCount "0"]
[EventDate "2022.01.07"]
[EventRounds "9"]
[EventCountry "CZE"]

1. e4 {[%clk 1:30:56]} e5 {[%clk 1:28:56]} 2. Nf3 {[%clk 1:31:18]} Nc6
{[%clk 1:29:21]} 3. Nc3 {[%clk 1:31:44]} Nf6 {[%clk 1:29:46]} 4. d4
{[%clk 1:32:10]} exd4 {[%clk 1:30:09]} 5. Nxd4 {[%clk 1:32:35]} Bb4
{[%clk 1:30:34]} 6. Nxc6 {[%clk 1:33:00]} bxc6 {[%clk 1:30:59]} 7. Bd3
{[%clk 1:33:26]} d5 {[%clk 1:31:23]} 8. exd5 {[%clk 1:33:51]} O-O
{[%clk 1:31:49]} 9. O-O {[%clk 1:34:16]} Bg4 {[%clk 1:32:15]} 10. Ne2
{[%clk 1:34:17]} cxd5 {[%clk 1:29:11]} 11. h3 {[%clk 1:34:30]} Bh5
{[%clk 1:28:58]} 12. c4 {[%clk 1:34:17]} Re8 {[%clk 1:13:35]} 13. Qc2
{[%clk 1:30:05]} Bxe2 {[%clk 1:07:35]} 14. Bxe2 {[%clk 1:30:27]} d4
{[%clk 1:06:12]} 15. a3 {[%clk 1:23:45]} Bf8 {[%clk 0:49:00]} 16. Bf3
{[%clk 1:15:59]} Rb8 {[%clk 0:48:07]} 17. Bf4 {[%clk 1:08:26]} a5
{[%clk 0:35:42]} 18. Rad1 {[%clk 0:58:52]} Bc5 {[%clk 0:30:53]} 19. Qf5
{[%clk 0:55:50]} Bf8 {[%clk 0:27:39]} 20. Qxa5 {[%clk 0:53:52]} Rxb2
{[%clk 0:27:09]} 21. Bxc7 {[%clk 0:53:10]} Qd7 {[%clk 0:27:30]} 22. Bb6
{[%clk 0:49:27]} d3 {[%clk 0:25:30]} 23. c5 {[%clk 0:49:33]} Qd4 {[%clk 0:23:04]}
24. Rb1 {[%clk 0:22:27]} Rc2 {[%clk 0:14:25]} 25. c6 {[%clk 0:16:25]} Qc4
{[%clk 0:14:41]} 26. Rfd1 {[%clk 0:12:44]} Bd6 {[%clk 0:13:34]} 27. Be3
{[%clk 0:11:22]} Ne4 {[%clk 0:10:01]} 28. Bxe4 {[%clk 0:10:56]} Qxe4
{[%clk 0:10:29]} 29. Qb5 {[%clk 0:10:21]}  1/2-1/2

[Event "Prague Open 2022 - A IM Open"]
[Site "Olympik hotel, Prague"]
[Date "2022.01.10"]
[Round "5"]
[Board "18"]
[White "Sorm, Daniel"]
[Black "Mizicka, Matus"]
[Result "1-0"]
[WhiteElo "2345"]
[BlackElo "1818"]
[PlyCount "0"]
[EventDate "2022.01.07"]
[EventRounds "9"]
[EventCountry "CZE"]

1. d4 Nf6 2. c4 g6 3. Nc3 Bg7 4. e4 d6 5. h3 Nbd7 6. Bg5 c6 7. Qd2 O-O 8. Bd3 e5
9. d5 Qc7 10. g4 Nc5 11. Bc2 cxd5 12. cxd5 a6 13. Nge2 b5 14. a3 Rb8 15. b4 Ncd7
16. f3 Nb6 17. Bd3 Bd7 18. Kf2 Nc4 19. Bxc4 bxc4 20. Rab1 Rb7 21. Rb2 Rfb8 22.
Rhb1 Be8 23. Be3 Nd7 24. a4 Bf6 25. g5 Bd8 26. Kg2 Nb6 27. a5 Na4 28. Nxa4 Bxa4
29. Rc1 Bb5 30. h4 Qc8 31. Qe1 Ba4 32. Bd2 Bb5 33. Qg3 Be7 34. Bc3 Bf8 35. h5 Bg7
36. Rh1 Re7 37. Qh4 Bh8 38. Rbb1 Qd7 39. Rh3 Qa7 40. f4 exf4 41. Bxh8 Kxh8 42.
Qxf4 f5 43. gxf6 g5 44. Qe3 Qxe3 45. Rxe3 Re5 46. Nd4 Bd7 47. Nf3 h6 48. Nxe5
dxe5 49. Rc3 Rc8 50. Rf1 Bg4 51. f7 Kg7 52. Rxc4 Rf8 53. Rc6 Bxh5 54. Re6 Be2 55.
Rf2 Bd3 56. Rxe5 Rxf7 57. Rxf7+ Kxf7 58. d6 Bb5 59. Rxb5  1-0

[Event "Prague Open 2022 - A IM Open"]
[Site "Olympik hotel, Prague"]
[Date "2022.01.10"]
[Round "5"]
[Board "19"]
[White "Urkedal, Frode Olav Olsen"]
[Black "Zysko, Jan"]
[Result "1-0"]
[WhiteElo "2553"]
[BlackElo "2090"]
[PlyCount "0"]
[EventDate "2022.01.07"]
[EventRounds "9"]
[EventCountry "CZE"]

1. d4 {[%clk 1:30:49]} d5 {[%clk 1:30:42]} 2. c4 {[%clk 1:31:00]} c6
{[%clk 1:31:09]} 3. Nf3 {[%clk 1:31:28]} Nf6 {[%clk 1:31:33]} 4. e3
{[%clk 1:31:54]} e6 {[%clk 1:31:23]} 5. Nbd2 {[%clk 1:32:00]} Nbd7
{[%clk 1:29:09]} 6. b3 {[%clk 1:32:11]} Be7 {[%clk 1:29:28]} 7. Bb2
{[%clk 1:30:49]} O-O {[%clk 1:29:34]} 8. Bd3 {[%clk 1:31:01]} dxc4
{[%clk 1:28:22]} 9. Nxc4 {[%clk 1:21:02]} c5 {[%clk 1:23:38]} 10. O-O
{[%clk 1:18:34]} b6 {[%clk 1:23:00]} 11. Qe2 {[%clk 1:09:34]} Bb7
{[%clk 1:23:16]} 12. Rac1 {[%clk 1:05:51]} Rc8 {[%clk 1:06:30]} 13. Rfd1
{[%clk 1:02:08]} Rc7 {[%clk 0:52:57]} 14. dxc5 {[%clk 0:59:04]} Bxc5
{[%clk 0:50:06]} 15. Nce5 {[%clk 0:51:25]} Nxe5 {[%clk 0:28:51]} 16. Bxe5
{[%clk 0:45:00]} Rd7 {[%clk 0:29:03]} 17. Ng5 {[%clk 0:39:54]} g6
{[%clk 0:24:17]} 18. Ba1 {[%clk 0:20:17]} Be7 {[%clk 0:19:36]} 19. Bc4
{[%clk 0:18:49]} Rxd1+ {[%clk 0:13:07]} 20. Rxd1 {[%clk 0:19:12]} Qc8
{[%clk 0:13:23]} 21. Nf3 {[%clk 0:16:58]} Qc6 {[%clk 0:12:44]} 22. Qb2
{[%clk 0:14:47]} Rd8 {[%clk 0:07:13]} 23. Rxd8+ {[%clk 0:13:50]} Bxd8
{[%clk 0:07:42]} 24. Bf1 {[%clk 0:13:53]} Qd5 {[%clk 0:05:17]} 25. Be2
{[%clk 0:10:28]} Be7 {[%clk 0:04:48]} 26. h3 {[%clk 0:10:19]} h5 {[%clk 0:04:47]}
27. Ne1 {[%clk 0:09:00]} Qa5 {[%clk 0:04:20]} 28. Kf1 {[%clk 0:08:33]} Qd5
{[%clk 0:02:42]} 29. a4 {[%clk 0:05:28]} Qd6 {[%clk 0:02:11]} 30. Kg1
{[%clk 0:05:12]} Qb4 {[%clk 0:01:42]} 31. Nd3 {[%clk 0:05:21]} Qe4
{[%clk 0:01:23]} 32. Nf4 {[%clk 0:04:52]} Qb4 {[%clk 0:01:36]} 33. Nd3
{[%clk 0:04:13]} Qe4 {[%clk 0:02:01]} 34. Bf1 {[%clk 0:04:22]} Qd5
{[%clk 0:01:11]} 35. b4 {[%clk 0:03:22]} Kf8 {[%clk 0:00:41]} 36. f3
{[%clk 0:02:00]} Bc6 {[%clk 0:00:41]} 37. Qc2 {[%clk 0:01:27]} Nd7
{[%clk 0:00:39]} 38. e4 {[%clk 0:01:46]} Qd6 {[%clk 0:00:58]} 39. e5
{[%clk 0:01:53]} Qc7 {[%clk 0:00:34]} 40. b5 {[%clk 0:02:18]} Bc5+
{[%clk 0:00:32]} 41. Nxc5 {[%clk 0:02:40]} Bd5 {[%clk 0:00:56]} 42. Nxe6+
{[%clk 0:03:05]}  1-0

[Event "Prague Open 2022 - A IM Open"]
[Site "Olympik hotel, Prague"]
[Date "2022.01.10"]
[Round "5"]
[Board "20"]
[White "Janous, Marek"]
[Black "Unneland, Mathias"]
[Result "0-1"]
[WhiteElo "2096"]
[BlackElo "2262"]
[PlyCount "0"]
[EventDate "2022.01.07"]
[EventRounds "9"]
[EventCountry "CZE"]

1. e4 {[%clk 1:30:49]} e5 {[%clk 1:29:52]} 2. Nf3 {[%clk 1:30:03]} Nc6
{[%clk 1:29:50]} 3. d4 {[%clk 1:29:18]} exd4 {[%clk 1:29:57]} 4. Nxd4
{[%clk 1:28:41]} Nf6 {[%clk 1:29:20]} 5. Nxc6 {[%clk 1:28:45]} bxc6
{[%clk 1:29:32]} 6. e5 {[%clk 1:29:05]} Qe7 {[%clk 1:29:17]} 7. Qe2
{[%clk 1:29:15]} Nd5 {[%clk 1:29:29]} 8. c4 {[%clk 1:27:44]} Ba6 {[%clk 1:28:43]}
9. Nd2 {[%clk 1:27:17]} O-O-O {[%clk 1:25:13]} 10. Qe4 {[%clk 1:19:12]} Nb6
{[%clk 1:23:47]} 11. b3 {[%clk 1:13:06]} Re8 {[%clk 1:19:28]} 12. Bb2
{[%clk 1:11:52]} f6 {[%clk 1:11:20]} 13. f4 {[%clk 1:10:10]} fxe5
{[%clk 0:56:04]} 14. fxe5 {[%clk 1:10:27]} g6 {[%clk 0:52:53]} 15. O-O-O
{[%clk 1:01:49]} Bg7 {[%clk 0:51:33]} 16. Nf3 {[%clk 1:01:22]} c5
{[%clk 0:47:35]} 17. Bd3 {[%clk 0:41:48]} Bb7 {[%clk 0:45:54]} 18. Qe1
{[%clk 0:41:32]} Bxf3 {[%clk 0:44:03]} 19. gxf3 {[%clk 0:41:52]} Bxe5
{[%clk 0:43:57]} 20. Be4 {[%clk 0:41:33]} Qg5+ {[%clk 0:39:51]} 21. Kb1
{[%clk 0:41:38]} Bxb2 {[%clk 0:39:29]} 22. Kxb2 {[%clk 0:41:52]} c6
{[%clk 0:36:48]} 23. Qa5 {[%clk 0:40:58]} Kb8 {[%clk 0:35:49]} 24. Kb1
{[%clk 0:39:37]} Re6 {[%clk 0:28:24]} 25. Rc1 {[%clk 0:32:57]} Qe7
{[%clk 0:25:03]} 26. Rhd1 {[%clk 0:32:37]} Rf8 {[%clk 0:19:23]} 27. a4
{[%clk 0:28:24]} Re5 {[%clk 0:17:38]} 28. Rc2 {[%clk 0:21:11]} g5
{[%clk 0:14:12]} 29. h3 {[%clk 0:14:06]} h5 {[%clk 0:14:33]} 30. Qc3
{[%clk 0:13:25]} g4 {[%clk 0:12:18]} 31. hxg4 {[%clk 0:13:13]} hxg4
{[%clk 0:12:40]} 32. a5 {[%clk 0:13:04]} gxf3 {[%clk 0:10:09]} 33. axb6
{[%clk 0:13:07]} Rxe4 {[%clk 0:10:32]} 34. Qa5 {[%clk 0:12:43]} d6
{[%clk 0:06:37]} 35. Rxd6 {[%clk 0:09:26]} Re1+ {[%clk 0:06:56]} 36. Ka2
{[%clk 0:08:46]} f2 {[%clk 0:06:45]}  0-1

[Event "Prague Open 2022 - A IM Open"]
[Site "Olympik hotel, Prague"]
[Date "2022.01.10"]
[Round "5"]
[Board "21"]
[White "Bomans, Arno"]
[Black "Yakimenko, Alexander A."]
[Result "1/2-1/2"]
[WhiteElo "2246"]
[BlackElo "2055"]
[PlyCount "0"]
[EventDate "2022.01.07"]
[EventRounds "9"]
[EventCountry "CZE"]

1. Nf3 {[%clk 1:30:50]} e6 {[%clk 1:30:37]} 2. c4 {[%clk 1:31:06]} f5
{[%clk 1:31:01]} 3. g3 {[%clk 1:31:17]} Nf6 {[%clk 1:31:23]} 4. Bg2
{[%clk 1:31:40]} b6 {[%clk 1:31:20]} 5. O-O {[%clk 1:31:12]} Bb7 {[%clk 1:31:42]}
6. d4 {[%clk 1:31:15]} Be7 {[%clk 1:30:49]} 7. d5 {[%clk 1:31:05]} O-O
{[%clk 1:27:40]} 8. Nc3 {[%clk 1:29:54]} Na6 {[%clk 1:24:16]} 9. Nd4
{[%clk 1:29:07]} Qc8 {[%clk 1:23:52]} 10. Qc2 {[%clk 0:57:13]} Nb4
{[%clk 1:05:45]} 11. Qb3 {[%clk 0:56:11]} c5 {[%clk 0:59:17]} 12. Nc2
{[%clk 0:53:08]} exd5 {[%clk 0:46:30]} 13. Nxb4 {[%clk 0:52:16]} cxb4
{[%clk 0:46:51]} 14. Nxd5 {[%clk 0:52:39]} Nxd5 {[%clk 0:47:11]} 15. cxd5
{[%clk 0:52:19]} Bc5 {[%clk 0:45:03]} 16. Bf4 {[%clk 0:47:54]} d6
{[%clk 0:44:46]} 17. Bf3 {[%clk 0:44:33]} Qd8 {[%clk 0:41:41]} 18. h4
{[%clk 0:41:32]} Qd7 {[%clk 0:41:45]} 19. Qd1 {[%clk 0:41:13]} Rae8
{[%clk 0:41:10]} 20. Qd2 {[%clk 0:40:44]} a5 {[%clk 0:40:18]} 21. h5
{[%clk 0:40:04]} h6 {[%clk 0:37:21]} 22. Kg2 {[%clk 0:40:14]} Qf7
{[%clk 0:37:04]} 23. Rac1 {[%clk 0:38:01]} Qf6 {[%clk 0:35:59]} 24. Rfd1
{[%clk 0:38:11]} Ba6 {[%clk 0:34:22]} 25. e3 {[%clk 0:36:13]} Re7
{[%clk 0:33:28]} 26. Rh1 {[%clk 0:36:00]} Rfe8 {[%clk 0:33:27]} 27. Rh4
{[%clk 0:35:01]} Kh8 {[%clk 0:29:30]} 28. Rch1 {[%clk 0:34:51]} Bb5
{[%clk 0:28:56]} 29. Rg1 {[%clk 0:32:56]} a4 {[%clk 0:25:23]} 30. Rhh1
{[%clk 0:32:19]} a3 {[%clk 0:23:50]} 31. b3 {[%clk 0:31:58]} Ba6 {[%clk 0:22:30]}
32. Rc1 {[%clk 0:31:29]} Bb5 {[%clk 0:22:31]} 33. Rhg1 {[%clk 0:29:24]} Ba6
{[%clk 0:22:46]} 34. Kh1 {[%clk 0:29:10]} Bb5 {[%clk 0:23:02]} 35. Rgd1
{[%clk 0:27:40]} Ba6 {[%clk 0:23:05]} 36. Rc2 {[%clk 0:27:58]} Bb5
{[%clk 0:22:49]} 37. Kg2 {[%clk 0:26:40]} Ba6 {[%clk 0:23:11]} 38. Qc1
{[%clk 0:26:29]} Bb5 {[%clk 0:23:20]} 39. Rdd2 {[%clk 0:26:11]} Ba6
{[%clk 0:23:12]} 40. Qh1 {[%clk 0:26:26]} Bb5 {[%clk 0:21:39]} 41. Rd1
{[%clk 0:26:47]} Ba6 {[%clk 0:21:52]} 42. Qh3 {[%clk 0:25:48]} Bb5
{[%clk 0:21:55]} 43. Qh4 {[%clk 0:14:32]} Qxh4 {[%clk 0:20:06]} 44. gxh4
{[%clk 0:14:58]} Rd8 {[%clk 0:15:25]} 45. Rcc1 {[%clk 0:13:29]} Ba6
{[%clk 0:09:47]} 46. Rd2 {[%clk 0:13:23]} Bb5 {[%clk 0:09:41]} 47. Bd1
{[%clk 0:11:11]} Ba6 {[%clk 0:09:12]} 48. Bc2 {[%clk 0:10:07]} Rf7
{[%clk 0:08:51]} 49. Kf3 {[%clk 0:03:26]} Bb5 {[%clk 0:07:59]} 50. Rg1
{[%clk 0:28:47]} Rf6 {[%clk 0:37:03]} 51. Bd1 {[%clk 0:28:03]} Rg8
{[%clk 0:36:06]} 52. Rg3 {[%clk 0:27:40]} Be8 {[%clk 0:33:57]} 53. Kg2
{[%clk 0:28:02]} Bb5 {[%clk 0:34:13]} 54. Bf3 {[%clk 0:22:57]} Rgf8
{[%clk 0:33:45]} 55. Rd1 {[%clk 0:22:55]} Kh7 {[%clk 0:32:36]} 56. Kh2
{[%clk 0:22:59]} R6f7 {[%clk 0:28:05]} 57. Rg6 {[%clk 0:22:59]} Rd8
{[%clk 0:25:13]} 58. Rd2 {[%clk 0:22:49]} Kh8 {[%clk 0:25:06]} 59. Bd1
{[%clk 0:22:57]} Kh7 {[%clk 0:23:47]} 60. Bc2 {[%clk 0:22:06]} Kh8
{[%clk 0:24:08]} 61. Kg2 {[%clk 0:21:40]} Ba6 {[%clk 0:23:48]} 62. Kf3
{[%clk 0:20:52]} Bb5 {[%clk 0:24:06]} 63. Bd1 {[%clk 0:18:48]} Be8
{[%clk 0:19:26]} 64. Rg3 {[%clk 0:19:01]} Re7 {[%clk 0:18:35]} 65. Kg2
{[%clk 0:19:22]} Bb5 {[%clk 0:18:43]} 66. Kh2 {[%clk 0:18:31]} Rf7
{[%clk 0:18:12]} 67. Rg6 {[%clk 0:18:41]} Re7 {[%clk 0:17:54]} 68. Kg2
{[%clk 0:17:52]} Rf7 {[%clk 0:18:03]} 69. Bc2 {[%clk 0:17:26]} Ba6
{[%clk 0:18:17]} 70. Rg3 {[%clk 0:17:17]} Bb5 {[%clk 0:18:23]} 71. Rf3
{[%clk 0:16:35]} Rf6 {[%clk 0:18:23]} 72. Bd1 {[%clk 0:16:19]} Be8
{[%clk 0:18:37]} 73. Rg3 {[%clk 0:16:34]} Bb5 {[%clk 0:18:55]} 74. Bc2
{[%clk 0:13:52]}  1/2-1/2

[Event "Prague Open 2022 - A IM Open"]
[Site "Olympik hotel, Prague"]
[Date "2022.01.10"]
[Round "5"]
[Board "22"]
[White "Cholleti, Sahajasri"]
[Black "Gajdos, Daniel"]
[Result "1-0"]
[WhiteElo "2235"]
[BlackElo "2057"]
[PlyCount "0"]
[EventDate "2022.01.07"]
[EventRounds "9"]
[EventCountry "CZE"]

1. d4 {[%clk 1:25:41]} Nf6 {[%clk 1:30:50]} 2. c4 {[%clk 1:25:44]} e6
{[%clk 1:31:15]} 3. Nc3 {[%clk 1:25:37]} d5 {[%clk 1:31:39]} 4. Nf3
{[%clk 1:25:24]} c5 {[%clk 1:32:05]} 5. cxd5 {[%clk 1:24:53]} Nxd5
{[%clk 1:30:57]} 6. e4 {[%clk 1:24:45]} Nxc3 {[%clk 1:31:21]} 7. bxc3
{[%clk 1:25:12]} cxd4 {[%clk 1:31:44]} 8. cxd4 {[%clk 1:25:38]} Bb4+
{[%clk 1:32:12]} 9. Bd2 {[%clk 1:24:58]} Bxd2+ {[%clk 1:32:35]} 10. Qxd2
{[%clk 1:25:13]} O-O {[%clk 1:32:58]} 11. Bc4 {[%clk 1:21:00]} Nd7
{[%clk 1:32:58]} 12. O-O {[%clk 1:20:57]} b6 {[%clk 1:33:24]} 13. Rad1
{[%clk 1:15:00]} Bb7 {[%clk 1:33:44]} 14. Bd3 {[%clk 1:14:37]} e5
{[%clk 1:33:39]} 15. d5 {[%clk 1:05:45]} f5 {[%clk 1:24:07]} 16. exf5
{[%clk 0:56:39]} Nc5 {[%clk 1:22:24]} 17. Nxe5 {[%clk 0:52:53]} Qd6
{[%clk 1:15:53]} 18. Rfe1 {[%clk 0:44:02]} Rae8 {[%clk 1:14:08]} 19. f4
{[%clk 0:43:49]} b5 {[%clk 1:06:30]} 20. Qe3 {[%clk 0:38:54]} Qxd5
{[%clk 1:04:57]} 21. Bc4 {[%clk 0:36:44]} Qxc4 {[%clk 1:05:08]} 22. Nxc4
{[%clk 0:37:12]} Rxe3 {[%clk 1:04:59]} 23. Nxe3 {[%clk 0:37:40]} a5
{[%clk 1:04:38]} 24. Nd5 {[%clk 0:36:42]} b4 {[%clk 1:04:41]} 25. Re5
{[%clk 0:35:16]} Bxd5 {[%clk 0:58:01]} 26. Rdxd5 {[%clk 0:35:20]} Nb7
{[%clk 0:56:16]} 27. Rd7 {[%clk 0:35:39]}  1-0

[Event "Prague Open 2022 - A IM Open"]
[Site "Olympik hotel, Prague"]
[Date "2022.01.10"]
[Round "5"]
[Board "23"]
[White "Matras, Ondrej"]
[Black "Llopis de Aysa, Manuel"]
[Result "1-0"]
[WhiteElo "2230"]
[BlackElo "2035"]
[PlyCount "0"]
[EventDate "2022.01.07"]
[EventRounds "9"]
[EventCountry "CZE"]

1. d4 {[%clk 1:26:45]} d6 {[%clk 1:30:53]} 2. e4 {[%clk 1:27:12]} g6
{[%clk 1:31:17]} 3. c4 {[%clk 1:26:47]} Bg7 {[%clk 1:31:40]} 4. Nc3
{[%clk 1:27:07]} e5 {[%clk 1:32:01]} 5. d5 {[%clk 1:26:59]} a5 {[%clk 1:32:25]}
6. Bd3 {[%clk 1:26:43]} Na6 {[%clk 1:32:36]} 7. Be3 {[%clk 1:26:06]} Bd7
{[%clk 1:28:24]} 8. Qd2 {[%clk 1:26:09]} f5 {[%clk 1:28:42]} 9. f3
{[%clk 1:26:22]} Nf6 {[%clk 1:28:37]} 10. exf5 {[%clk 1:25:27]} gxf5
{[%clk 1:26:13]} 11. Nge2 {[%clk 1:25:01]} O-O {[%clk 1:24:31]} 12. O-O-O
{[%clk 1:24:22]} a4 {[%clk 1:14:58]} 13. Bh6 {[%clk 1:23:50]} Nc5
{[%clk 1:05:16]} 14. Bc2 {[%clk 1:23:36]} Nh5 {[%clk 0:47:40]} 15. g4
{[%clk 1:20:47]} fxg4 {[%clk 0:43:36]} 16. fxg4 {[%clk 1:20:30]} Nf4
{[%clk 0:43:44]} 17. g5 {[%clk 1:15:10]} Bxh6 {[%clk 0:38:17]} 18. gxh6
{[%clk 1:15:36]} Qh4 {[%clk 0:38:04]} 19. Rhg1+ {[%clk 1:05:33]} Kh8
{[%clk 0:38:12]} 20. Nxf4 {[%clk 1:01:15]} Qxf4 {[%clk 0:27:18]} 21. Rg7
{[%clk 1:00:20]} Qxd2+ {[%clk 0:23:12]} 22. Rxd2 {[%clk 1:00:34]} Bf5
{[%clk 0:22:58]} 23. Rxc7 {[%clk 0:58:16]} Bxc2 {[%clk 0:20:27]} 24. Kxc2
{[%clk 0:58:43]} Rf6 {[%clk 0:20:13]} 25. Nb5 {[%clk 0:58:16]} Rxh6
{[%clk 0:16:57]} 26. Nxd6 {[%clk 0:58:22]}  1-0

[Event "Prague Open 2022 - A IM Open"]
[Site "Olympik hotel, Prague"]
[Date "2022.01.10"]
[Round "5"]
[Board "24"]
[White "Kukucka, Matej"]
[Black "Babula, Vlastimil"]
[Result "1/2-1/2"]
[WhiteElo "2104"]
[BlackElo "2227"]
[PlyCount "0"]
[EventDate "2022.01.07"]
[EventRounds "9"]
[EventCountry "CZE"]

1. d4 {[%clk 1:30:58]} Nf6 {[%clk 1:30:56]} 2. c4 {[%clk 1:31:22]} g6
{[%clk 1:31:22]} 3. Nc3 {[%clk 1:31:43]} Bg7 {[%clk 1:31:48]} 4. e4
{[%clk 1:32:10]} d6 {[%clk 1:32:15]} 5. f4 {[%clk 1:32:36]} c5 {[%clk 1:32:43]}
6. dxc5 {[%clk 1:32:58]} Qa5 {[%clk 1:33:01]} 7. Bd3 {[%clk 1:33:25]} Nfd7
{[%clk 1:33:26]} 8. Bd2 {[%clk 1:33:44]} Nxc5 {[%clk 1:33:32]} 9. Bc2
{[%clk 1:34:08]} Nc6 {[%clk 1:32:52]} 10. Nd5 {[%clk 1:34:06]} Qd8
{[%clk 1:32:09]} 11. b4 {[%clk 1:34:19]} Ne6 {[%clk 1:29:40]} 12. Nf3
{[%clk 1:33:50]} Ned4 {[%clk 1:18:51]} 13. Nxd4 {[%clk 1:16:53]} Bxd4
{[%clk 1:10:09]} 14. Rb1 {[%clk 1:07:30]} e5 {[%clk 1:04:27]} 15. f5
{[%clk 0:57:18]} f6 {[%clk 0:50:50]} 16. b5 {[%clk 0:51:18]} Nb8 {[%clk 0:46:48]}
17. Qf3 {[%clk 0:49:03]} Nd7 {[%clk 0:43:43]} 18. h4 {[%clk 0:48:06]} b6
{[%clk 0:41:36]} 19. Rf1 {[%clk 0:39:13]} Bb7 {[%clk 0:32:26]} 20. fxg6
{[%clk 0:38:43]} hxg6 {[%clk 0:32:47]} 21. Bg5 {[%clk 0:29:36]} Bxd5
{[%clk 0:28:52]} 22. exd5 {[%clk 0:29:53]} O-O {[%clk 0:28:46]} 23. Bxg6
{[%clk 0:25:00]} Kg7 {[%clk 0:27:56]} 24. Bf5 {[%clk 0:22:27]} fxg5
{[%clk 0:24:20]} 25. Qh5 {[%clk 0:22:08]} Rf7 {[%clk 0:22:43]} 26. Qg6+
{[%clk 0:16:32]} Kf8 {[%clk 0:23:04]} 27. Qh6+ {[%clk 0:16:10]} Ke7
{[%clk 0:23:26]} 28. Qe6+ {[%clk 0:14:30]} Kf8 {[%clk 0:23:55]} 29. Qh6+
{[%clk 0:14:53]} Ke7 {[%clk 0:24:22]} 30. Qe6+ {[%clk 0:13:25]} Kf8
{[%clk 0:24:50]} 31. Qh6+ {[%clk 0:13:39]}  1/2-1/2

[Event "Prague Open 2022 - A IM Open"]
[Site "Olympik hotel, Prague"]
[Date "2022.01.11"]
[Round "6"]
[Board "1"]
[White "Pijpers, Arthur"]
[Black "Mirzoev, Azer"]
[Result "1/2-1/2"]
[WhiteElo "2486"]
[BlackElo "2432"]
[PlyCount "0"]
[EventDate "2022.01.07"]
[EventRounds "9"]
[EventCountry "CZE"]

1. e4 {[%clk 1:30:55]} e6 {[%clk 1:30:54]} 2. d4 {[%clk 1:31:16]} d5
{[%clk 1:31:19]} 3. Nc3 {[%clk 1:31:43]} Nf6 {[%clk 1:31:41]} 4. e5
{[%clk 1:31:07]} Nfd7 {[%clk 1:32:04]} 5. f4 {[%clk 1:31:35]} c5 {[%clk 1:32:27]}
6. Nf3 {[%clk 1:32:02]} Nc6 {[%clk 1:32:50]} 7. Be3 {[%clk 1:32:29]} cxd4
{[%clk 1:33:07]} 8. Nxd4 {[%clk 1:32:54]} Bc5 {[%clk 1:33:28]} 9. Qd2
{[%clk 1:33:04]} Bxd4 {[%clk 1:33:46]} 10. Bxd4 {[%clk 1:33:30]} Nxd4
{[%clk 1:34:10]} 11. Qxd4 {[%clk 1:33:55]} Qb6 {[%clk 1:34:33]} 12. Qd2
{[%clk 1:32:42]} Nc5 {[%clk 1:34:50]} 13. O-O-O {[%clk 1:32:50]} Bd7
{[%clk 1:34:58]} 14. Qd4 {[%clk 1:32:40]} Bc6 {[%clk 1:31:51]} 15. h4
{[%clk 1:31:53]} Nd7 {[%clk 1:32:14]} 16. h5 {[%clk 1:25:01]} Qxd4
{[%clk 1:32:03]} 17. Rxd4 {[%clk 1:25:28]} h6 {[%clk 1:32:05]} 18. Rh3
{[%clk 1:21:24]} Ke7 {[%clk 1:18:57]} 19. b4 {[%clk 1:10:15]} a6 {[%clk 1:18:47]}
20. Kb2 {[%clk 1:08:46]} Nb6 {[%clk 1:13:33]} 21. Bd3 {[%clk 1:06:51]} Rhd8
{[%clk 1:02:48]} 22. g4 {[%clk 1:01:16]} a5 {[%clk 0:56:48]} 23. b5
{[%clk 0:57:55]} Be8 {[%clk 0:57:15]} 24. g5 {[%clk 0:35:14]} Rac8
{[%clk 0:56:34]} 25. a4 {[%clk 0:35:34]} Bd7 {[%clk 0:51:23]} 26. Nd1
{[%clk 0:17:43]} f5 {[%clk 0:50:25]} 27. Rg3 {[%clk 0:08:42]} Be8
{[%clk 0:40:06]} 28. Be2 {[%clk 0:07:57]} Bf7 {[%clk 0:36:04]} 29. g6
{[%clk 0:05:46]}  1/2-1/2